000 00693nam a22002297a 4500
001 09081
003 HDC
007 cr bn ---aaaaa
008 210129c20160217my n|| o||| 00| 0 may
040 _aHDC
245 0 _aHDC unjur tarikan pelaburan RM1.2b
336 _atext
_2rdacontent
337 _acomputer
_2rdamedia
338 _aonline resource
_2rdacarrier
650 _aPelaburan
_98769
650 _aPerdagangan
_98789
710 _aHarian Metro
856 _zRequest full-text at [email protected]
942 _2lcc
942 _cNEWS
942 _kNWSC 001703
999 _c6404
_d6404